| 000 -LEADER |
| fixed length control field |
01744cam a22003734a 4500 |
| 008 - FIXED-LENGTH DATA ELEMENTS--GENERAL INFORMATION |
| fixed length control field |
061102s2006 enka b 000 0 eng c |
| 020 ## - INTERNATIONAL STANDARD BOOK NUMBER |
| International Standard Book Number |
0856676209 (hbk.) |
| 020 ## - INTERNATIONAL STANDARD BOOK NUMBER |
| International Standard Book Number |
0856676217 (pbk.) |
| 050 00 - LIBRARY OF CONGRESS CALL NUMBER |
| Classification number |
N6923.M6 |
| Item number |
C65 2006 |
| 100 1# - MAIN ENTRY--PERSONAL NAME |
| Personal name |
Coldwell, Paul. |
| 245 10 - TITLE STATEMENT |
| Title |
Morandi's legacy : |
| Remainder of title |
influences on British art / |
| Statement of responsibility, etc. |
Paul Coldwell. |
| 260 ## - PUBLICATION, DISTRIBUTION, ETC. (IMPRINT) |
| Place of publication, distribution, etc. |
London : |
| Name of publisher, distributor, etc. |
Philip Wilson ; |
| Place of publication, distribution, etc. |
New York : |
| Name of publisher, distributor, etc. |
Distributed in North America by Palgrave Macmillan, |
| Date of publication, distribution, etc. |
2006. |
| 300 ## - PHYSICAL DESCRIPTION |
| Extent |
78 p. : |
| Other physical details |
col. ill. ; |
| Dimensions |
27 cm. |
| 504 ## - BIBLIOGRAPHY, ETC. NOTE |
| Bibliography, etc |
Includes bibliographical references. |
| 600 10 - SUBJECT ADDED ENTRY--PERSONAL NAME |
| Personal name |
Morandi, Giorgio, |
| Dates associated with a name |
1890-1964 |
| General subdivision |
Criticism and interpretation. |
| 650 #0 - SUBJECT ADDED ENTRY--TOPICAL TERM |
| Topical term or geographic name as entry element |
Painting, British |
| Chronological subdivision |
20th century |
| Form subdivision |
Exhibitions. |
| 710 2# - ADDED ENTRY--CORPORATE NAME |
| Corporate name or jurisdiction name as entry element |
Abbot Hall Art Gallery. |
| 710 2# - ADDED ENTRY--CORPORATE NAME |
| Corporate name or jurisdiction name as entry element |
Estorick Collection. |
| 856 42 - ELECTRONIC LOCATION AND ACCESS |
| Materials specified |
Contributor biographical information |
| Uniform Resource Identifier |
<a href="http://www.loc.gov/catdir/enhancements/fy0703/2006285295-b.html">http://www.loc.gov/catdir/enhancements/fy0703/2006285295-b.html</a> |
| 942 ## - ADDED ENTRY ELEMENTS (KOHA) |
| Source of classification or shelving scheme |
|
| Koha item type |
Hard Covered Materials |
| Classification part |
N6923.M6 C65 2006 |